Leap of faith : (Record no. 395210)
[ view plain ]
| 000 -LEADER | |
|---|---|
| fixed length control field | 01082cam a22002895i 4500 |
| 001 - CONTROL NUMBER | |
| control field | 23143371 |
| 005 - DATE AND TIME OF LATEST TRANSACTION | |
| control field | 20240408144102.0 |
| 008 - FIXED-LENGTH DATA ELEMENTS--GENERAL INFORMATION | |
| fixed length control field | 230524s2024 mnu j 000 0 eng |
| 010 ## - LIBRARY OF CONGRESS CONTROL NUMBER | |
| LC control number | 2023939343 |
| 020 ## - INTERNATIONAL STANDARD BOOK NUMBER | |
| International Standard Book Number | 9781098238889 |
| Qualifying information | (library binding) |
| 020 ## - INTERNATIONAL STANDARD BOOK NUMBER | |
| Cancelled/invalid ISBN | 9781098239305 |
| Qualifying information | (ebook) |
| 040 ## - CATALOGING SOURCE | |
| Original cataloging agency | DLC |
| Language of cataloging | eng |
| Description conventions | rda |
| Transcribing agency | DLC |
| Modifying agency | DLC |
| 042 ## - AUTHENTICATION CODE | |
| Authentication code | pcc |
| 092 ## - LOCALLY ASSIGNED DEWEY CALL NUMBER (OCLC) | |
| Classification number | junior graphic |
| Item number | Burns |
| 100 1# - MAIN ENTRY--PERSONAL NAME | |
| Personal name | Burns, Jason M., |
| Relator term | author. |
| 9 (RLIN) | 6485100 |
| 245 10 - TITLE STATEMENT | |
| Title | Leap of faith : |
| Remainder of title | book 1 / |
| Statement of responsibility, etc | Jason M. Burns, Rover Studio and Dustin Evans. |
| 264 #1 - Production, Publication, Distribution, Manufacture, and Copyright Notice. | |
| Place of production, publication, distribution, manufacture | Minneapolis : |
| Name of producer, publisher, distributor, manufacturer | Magic Wagon, a division of ABDO, |
| Date of production, publication, distribution, manufacture, or copyr | 2024. |
| 300 ## - PHYSICAL DESCRIPTION | |
| Extent | pages cm |
| 336 ## - Content Type | |
| Content type term | text |
| 337 ## - Media type | |
| Media type term | unmediated |
| 338 ## - Carrier type | |
| Carrier type term | volume |
| 490 0# - SERIES STATEMENT | |
| Series statement | Frog Boy: |
| Volume number/sequential designation | 1 |
| 520 ## - SUMMARY, ETC. | |
| Summary, etc | "After 17 years trapped in the prison-like Tin Can at the heart of Pop City, the human/animal hybrid Frog Boy orchestrates his own escape in hopes of securing his freedom"-- |
| 700 1# - ADDED ENTRY--PERSONAL NAME | |
| Personal name | Rover Studio, |
| Relator term | Rover Studio. |
| 9 (RLIN) | 6485101 |
| 700 1# - ADDED ENTRY--PERSONAL NAME | |
| Personal name | Evans, Dustin, |
| Relator term | Illustrator. |
| 9 (RLIN) | 6485102 |
| 942 ## - ADDED ENTRY ELEMENTS (KOHA) | |
| Source of classification or shelving scheme | Dewey Decimal Classification |
| Koha item type | BOOK |
| Withdrawn status | Lost status | Source of classification or shelving scheme | Damaged status | Not for loan | Collection code | Home library | Current library | Shelving location | Date acquired | Source of acquisition | Serial Enumeration / chronology | Total Checkouts | Total Renewals | Full call number | Barcode | Date last seen | Date checked out | Cost, replacement price | Price effective from | Koha item type |
|---|---|---|---|---|---|---|---|---|---|---|---|---|---|---|---|---|---|---|---|---|
| Dewey Decimal Classification | Junior Graphic Novels | Wasatch County Library | Wasatch County Library | First Floor | 04/08/2024 | KidsReference | #1 Frog Boy | 5 | 3 | J GN Burns | 34301002071423 | 03/14/2025 | 03/13/2025 | 23.95 | 04/08/2024 | BOOK |
